The International rice research institute annual report for 1972

保存先:
書誌詳細
第一著者: IRRI
フォーマット: 図書
言語:Undetermined
出版事項: Philippines IRRI 1973
主題:
タグ: タグ追加
タグなし, このレコードへの初めてのタグを付けませんか!
Thư viện lưu trữ: Trung tâm Học liệu Trường Đại học Cần Thơ
LEADER 00472nam a2200181Ia 4500
001 CTU_38639
008 210402s9999 xx 000 0 und d
082 |a 633.18 
082 |b I71 
100 |a IRRI 
245 4 |a The International rice research institute annual report for 1972 
245 0 |c IRRI 
260 |a Philippines 
260 |b IRRI 
260 |c 1973 
650 |a rice 
904 |i Liên, 990610 
980 |a Trung tâm Học liệu Trường Đại học Cần Thơ